LIBRARY & INFORMATION CENTRE, KCAET, TAVANUR

ONLINE PUBLIC ACCESS CATALOGUE (OPAC)

Romantic paradox: An Essay on the poetry of Wordsworth / (Record no. 3955)

MARC details
000 -LEADER
fixed length control field 00391cam a2200145ua 4500
041 ## - LANGUAGE CODE
Language code of text/sound track or separate title eng
082 ## - DEWEY DECIMAL CLASSIFICATION NUMBER
Classification number 824
Item number CLA/RP
100 ## - MAIN ENTRY--AUTHOR NAME
Personal name Clarke, C C .
245 ## - TITLE STATEMENT
Title Romantic paradox: An Essay on the poetry of Wordsworth /
260 ## - PUBLICATION, DISTRIBUTION, ETC. (IMPRINT)
Place of publication London :
Name of publisher Routledge & Kegan Paul Ltd ,
Year of publication 1962.
300 ## - PHYSICAL DESCRIPTION
Number of Pages 101 ; .
942 ## - ADDED ENTRY ELEMENTS (KOHA)
Koha item type Books
Holdings
Withdrawn status Lost status Damaged status Home library Current library Date acquired Cost, normal purchase price Full call number Accession Number Koha item type Public note
Withdrawn     KAUAET Sanskrit University 07/04/2012 14.00 824 6868 Books Transferred to Sanskrit University
free website counter